000 00889nam a2200289 a 4500
001 57441
003 BD-RjUL
005 20211209080520.0
008 101216s1958 ilu b 001 0 eng
035 _a(BD-RjUL) 57565
040 _aDLC
_cDLC
_dDLC
_dBD-RjUL
_beng
041 1 _aengund
082 0 0 _a330
_223
_bWET 1958
100 1 _aWeber, Max
_9170574
245 1 4 _aThe city /
_cMax Weber ; Translated and edited by Don Martindale and Gertrud Neuwirth.
260 _aGlencoe, Illinois :
_bFree Press,
_cc1958
300 _a242 p. ;
_c22 cm.
504 _aIncludes index & bibliography.
650 0 _aCities and towns.
_9170575
650 0 _aEconomics
_9170576
650 0 _aComparative law
_9170577
650 0 _aSociological jurisprudence
_9170578
650 0 _aSociology
_9170250
700 _aMartindale ,Don
_9170579
700 _aNeuwirth, Gertrud
_9170580
942 _2ddc
_cBK
999 _c57441
_d57441